Guess the '80s College Radio Hit with No Clues #5 - Statistics

General Stats
  • This quiz has been taken 38 times
  • The average score is 91 of 219
Answer Stats
Lyrics % Correct
a
96%
I
96%
the
96%
on
89%
and
86%
you
82%
be
79%
to
79%
love
75%
it
71%
of
71%
in
68%
no
64%
where
64%
if
57%
that
57%
what
57%
are
54%
it's
54%
its
54%
your
50%
one
46%
their
43%
them
43%
at
39%
us
39%
or
36%
take
36%
yours
36%
don't
32%
now
29%
here
25%
way
25%
we'll
21%
young
21%
got
18%
any
14%
baby
14%
bastards
14%
sons
14%
step
14%
tonight
14%
understand
14%
begin
11%
consolation
11%
first
11%
he'll
11%
hell
11%
ladder
11%
miss
11%
rung
11%
success
11%
whole
11%
best
7%
daughters
7%
die
7%
dreams
7%
graduate
7%
holidays
7%
lay
7%
least
7%
ones
7%
please
7%
rest
7%
visit
7%
wait
7%
God
4%
graves
4%
mess
4%
unfulfilled
4%
unskilled
4%
beats
0%
boom
0%
claim
0%
clean
0%
cotton
0%
deduction
0%
Elvis
0%
forgotten
0%
forgotton
0%
function
0%
ground
0%
income
0%
name
0%
pickin'
0%
tax
0%
trash
0%
unwillingness
0%
waitin'
0%
warrant
0%
womb
0%
ya
0%
No matching quizzes found
Score Distribution
Percent of People with Each Score
Percentile by Number Answered
Your Score History
You have not taken this quiz